00458nmm a2200157Ia 4500008004100000020001800041041000800059100002200067245002400089264006500113300001800178650002900196856005100225942000700276999001700283251105s9999||||xx |||||||||||||||||und|| a9781558850781 aeng aBruce-Novoa, Juan 0aOnly the good times a[Washington, Estados Unidos] :bArte Público Press, c2017 a288 páginas aNorth American narrative uhttps://public.digitaliapublishing.com/a/47259 cCF c74628d74628